Islands That Start with L - Statistics

General Stats
  • This quiz has been taken 28 times
  • The average score is 4 of 10
Answer Stats
Hint Island % Correct
Greek island in the eastern Aegean, home of the female poet Sappho Lesbos
85%
Biggest island in New York state {Long} Island
78%
Largest island in the Philippines, containing Manila Luzon
78%
'Downwind' islands of the Caribbean, including Guadeloupe, Antigua, St Kitts and Montserrat {Leeward} Islands
63%
Easternmost of the Canary Islands Lanzarote
37%
Union territory off south-western India Lakshadweep
30%
Indonesian island bordering Bali Island to its west Lombok
30%
Second-largest island of Hong Kong, containing its Disneyland Lantau
19%
Touristic island of north-west Malaysia, off southern Thailand; previously named Lancahui Langkawi
11%
Island in Lake Constance, in the Bavarian town of the same name Lindau
7%
No matching quizzes found
Score Distribution
Percent of People with Each Score
Percentile by Number Answered
Your Score History
You have not taken this quiz